000 00974nam a22002177a 4500
005 20230912101618.0
010 _aENG-105666-670 ENG-137808-137812
020 _a09711589(set of 3 vols.)
_c25000.00(set of 3 vols.)
035 _aEN-89199-89203 EN-121340-121344
037 _bDBAD/PUB
082 _a015.54
245 _aIndian books in print, 2012 :
_ba bibliography of Indian books published in English language /
_cedited by Bhawna Singh
260 _aDelhi
_bIndian Bibliographies Bureau
_c2012
270 _a219, 'Kadambari', 19/IX Rohini
_bDelhi
_e110085
300 _a3V.(840p.; 841-1716p.; 712p.; 713-1316p.; x,1152p.)
_c29cmHb)
500 _aThis edition is in 3 volumes 5 parts
505 _aV.1, Pt.1-author index (A-L) ; V.1, Pt.2-author index (M-Z) ;V.2, Pt.1-title index (A-L); V.2, Pt.2-title index(M-Z) ; V.3-subject guide
650 _aEnglish imprints
_956255
700 _aSingh, Bhawana
_951672
942 _2ddc
_cEN
_h015.54
_mIND
999 _c69447
_d69447